000 00348pab a2200145 454500
008 180718b1984 xxu||||| |||| 00| 0 eng d
100 _aCridland, Wyn
245 _aHuman awareness training for the police
260 _c1984
300 _a36-9
362 _aJan.-Mar.
650 _aTraining - Police
773 _aPolice Journal
909 _a19522
999 _c19522
_d19522